中国主要山脉山峰 - 地图版 - Statistics

General Stats
  • This quiz has been taken 383 times
    379 since last reset
  • The average score is 43 of 155
Answers on the Map
Answers color-coded by a green-red scale on the quiz's map according to % correct below.
 
Answer Stats
Hint Answer % Correct
青藏山地大区 喜马拉雅山脉
93%
北部山地大区 太行山脉
91%
东部山地大区 大兴安岭
91%
西北山地大区 天山山脉
89%
西南山地大区 秦岭
88%
东部山地大区 小兴安岭
87%
青藏山地大区 昆仑山脉
86%
东部山地大区 泰山
86%
省级最高峰 泰山玉皇顶
86%
东部山地大区 长白山
83%
西南山地大区 横断山脉
83%
山脉主峰 祁连山
80%
东南山地大区 武夷山
77%
东南山地大区 南岭
72%
省级最高峰 珠穆朗玛峰
70%
文化名山 衡山祝融峰
70%
文化名山 华山
69%
西北山地大区 阿尔泰山脉
67%
北部山地大区 阴山山脉
67%
省级最高峰 黄山莲花峰
67%
北部山地大区 燕山山脉
65%
东南山地大区 五指山
63%
文化名山 恒山
63%
省级最高峰 五指山主峰
63%
东部山地大区 大别山
61%
省级最高峰 玉山
61%
青藏山地大区 唐古拉山脉
59%
北部山地大区 贺兰山
57%
西南山地大区 大巴山脉
57%
西南山地大区 巫山
56%
西南山地大区 雪峰山
54%
省级最高峰 乔戈里峰
52%
北部山地大区 阿尔金山脉
49%
东南山地大区 中央山脉
49%
青藏山地大区 喀喇昆仑山脉
47%
北部山地大区 吕梁山脉
47%
青藏山地大区 念青唐古拉山脉
46%
山脉主峰 念青唐古拉峰
46%
省级最高峰 五台山北台顶(叶斗峰)
45%
文化名山 普陀山
45%
北部山地大区 祁连山脉
43%
东南山地大区 台湾山脉
43%
青藏山地大区 巴颜喀拉山脉
41%
山脉主峰 巴颜喀拉山
41%
青藏山地大区 冈底斯山脉
40%
文化名山 峨眉山
39%
文化名山 玉龙雪山
38%
西南山地大区 哀牢山
34%
东南山地大区 雁荡山
34%
东南山地大区 十万大山
34%
西南山地大区 武当山
33%
省级最高峰 太白山拔仙台
32%
省级最高峰 贡嘎山
31%
其他山峰 四姑娘山
31%
文化名山 九华山
31%
北部山地大区 六盘山
30%
省级最高峰 梅里雪山卡瓦格博峰
29%
山脉主峰 阿尔金山
28%
西南山地大区 伏牛山
26%
北部山地大区 中条山
25%
西南山地大区 乌蒙山脉
25%
青藏山地大区 岷山
24%
文化名山 青城山
24%
省级最高峰 云台山玉女峰
23%
东南山地大区 天目山
22%
西南山地大区 武陵山
21%
东南山地大区 天台山
21%
西南山地大区 大雪山
20%
东南山地大区 罗霄山脉
20%
东南山地大区 莲花山
19%
山脉主峰 友谊峰
19%
青藏山地大区 可可西里山脉
18%
其他山峰 博格达峰
18%
山脉主峰 冈仁波齐峰
18%
山脉主峰 高黎贡山
18%
东部山地大区 张广才岭
17%
东部山地大区 蒙山
17%
省级最高峰 神农顶
16%
其他山峰 南迦巴瓦峰
16%
东部山地大区 千山
15%
西南山地大区 无量山
15%
文化名山 龙虎山
15%
青藏山地大区 阿尼玛卿山
14%
西南山地大区 邛崃山
14%
西南山地大区 大凉山
14%
省级最高峰 长白山白云峰
14%
省级最高峰 小五台山东台顶
14%
山脉主峰 阿尼玛卿峰
14%
省级最高峰 大秃顶子
13%
文化名山 老君山
13%
山脉主峰 雾灵山玉皇顶
12%
山脉主峰 各拉丹冬峰
12%
省级最高峰 猫儿山
12%
其他山峰 希夏邦马峰
11%
东部山地大区 完达山
10%
西南山地大区 苗岭
10%
省级最高峰 敖包疙瘩
10%
山脉主峰 公格尔峰
10%
其他山峰 托木尔峰
10%
省级最高峰 韭菜坪
10%
省级最高峰 黄茅尖
10%
省级最高峰 黄岗山
9%
西南山地大区 熊耳山
8%
东部山地大区 鲁山
8%
东部山地大区 桐柏山
8%
西南山地大区 沙鲁里山
8%
西南山地大区 龙门山
8%
西南山地大区 华蓥山
8%
西南山地大区 大娄山
8%
山脉主峰 | 西南山地大区 凤凰山
8%
东南山地大区 云雾山
8%
东南山地大区 仙霞岭
8%
文化名山 齐云山
8%
北部山地大区 太岳山
7%
东部山地大区 昆嵛山
7%
东南山地大区 大瑶山
7%
东南山地大区 幕阜山
7%
省级最高峰 石坑崆
7%
北部山地大区 龙首山
6%
东部山地大区 龙岗山
6%
西南山地大区 云开大山
6%
东部山地大区 五莲山
6%
西南山地大区 五莲峰
6%
山脉主峰 黄岗梁
6%
省级最高峰 岗山
6%
山脉主峰 天堂寨
6%
山脉主峰 雀儿山
6%
东部山地大区 吉林哈达岭
5%
东部山地大区 老爷岭
5%
山脉主峰 雪宝顶
5%
省级最高峰 布喀达坂峰
5%
其他山峰 年保玉则
5%
文化名山 点苍山
5%
省级最高峰 老鸦岔垴
5%
东部山地大区 努鲁儿虎山
4%
东部山地大区 七老图山
4%
东南山地大区 九连山
4%
东南山地大区 怀玉山
4%
东南山地大区 于山
4%
其他山峰 冷布岗日峰
4%
青藏山地大区 布尔汗布达山
3%
青藏山地大区 西倾山
3%
西南山地大区 小相岭
3%
西南山地大区 方斗山
3%
山脉主峰 呼和巴什格
3%
山脉主峰 团结峰(岗则吾结峰)
3%
山脉主峰 苏宝顶
3%
山脉主峰 南风面
3%
山脉主峰 孝文山
2%
山脉主峰 米缸山
2%
其他山峰 格聂山
2%
西北山地大区 巴尔鲁克山
1%
西南山地大区 螺髻山
1%
其他山峰 库拉岗日峰
1%
No matching quizzes found
Score Distribution
Percent of People with Each Score
Percentile by Number Answered
Your Score History
You have not taken this quiz since the last reset